000 01540nam a2200325 i 4500
001 186730
003 ES-MaACL
005 20251003185748.0
007 t|
008 170209s2016 sp a |||| |dspa d
020 _a978-84-8408-903-2
080 _a821.134.2"18"(062.552)
080 _a930.85(460)"18":82(460)(062.552)
245 0 0 _aEnrique Gil y Carrasco y el Romanticismo :
_bactas del Congreso Internacional : El Bierzo, 14-18 de julio de 2015 /
_cedición al cuidado de Valentín Carrera ; [Comité Organizador, Enrique Rubio Cremades, Raquel Gutiérrez, Borja Rodríguez, Valentín Carrera].
250 _a1ª ed.
260 _a[Santiago de Compostela] :
_bAndavira ;
_a[León] :
_bUniversidad de León :
_bConsejo Comarcal del Bierzo,
_c2016.
300 _a604 p. :
_bil. col. y n. ;
_c25 cm.
504 _aReferencias bibliográficas.
594 _aEn contracub: Biblioteca Gil y Carrasco / II Centerario, Enrique Gil, 1815-2015.
600 1 7 _aGil y Carrasco, Enrique,
_d1815-1846-
_vCongresos y asambleas
_2
_9161684
650 4 _aRomanticismo (Literatura)-
_zEspaña-
_vCongresos y asambleas.
_9172417
650 4 _aLiteratura española-
_yS.XIX-
_vCongresos y asambleas.
_9141282
700 1 _aCarrera, Valentín,
_d1958-
_9161685
700 1 _aRubio Cremades, Enrique.
_9100398
700 1 _aGutiérrez Sebastián, Raquel.
_9137734
700 1 _aRodríguez Gutiérrez, Borja.
_998567
710 2 _aUniversidad de León.
_97200
852 _aES-MaACL
_jN-7013
_z- Enc. cart.
999 _c186730
_d186730